000 01090nam a22002297a 4500
005 20120614170415.0
008 081007t xxu||||| |||| 00| 0 mar d
010 _aMAR-22366
020 _c150.00
_a9789380514932
035 _aMR-15024
037 _bD.B.Act /pub
082 _a338.040922
100 _949115
_aबन्सल, रश्मी
245 _aकनेक्ट द डॉट्स /
_cरश्मी बन्सल ; आरती कदम द्वारा अनुवादित
246 _bby Rashmi Bansal
_aConnect the Dots
260 _aपुणे
_bअमेय प्रकाशन
_c2012
270 _bपुणे
_a207, बिझनेस गिल्ड,लॉ कॉलेज रोड,
300 _a397पृ.
_c22 सेमी(अजिल्द)
700 _aकदम, आरती
_950569
942 _2ddc
_cMR
_mबन्सल
_h338.040922
999 _c68778
_d68778